| 000 | 00684nam a2200181Ia 4500 | ||
|---|---|---|---|
| 008 | 090630s9999 xx 000 0 und d | ||
| 082 | _b26156 | ||
| 100 | _aमराठे रमा. | ||
| 245 |
_aअसे घडवा मुलांचे व्यक्तिमत्व. _cमराठे रमा. |
||
| 260 |
_bमेहता. _c2006 |
||
| 300 | _a168 | ||
| 600 | _aमराठे रमा. | ||
| 630 | _aअसे घडवा मुलांचे व्यक्तिमत्व. | ||
| 655 | _aइतर. | ||
| 700 | _aमराठे रमा. | ||
| 730 | _aअसे घडवा मुलांचे व्यक्तिमत्व. | ||
| 942 | _cBOOK | ||
| 999 |
_c278012 _d278012 |
||